000 00333pab a2200145 454500
008 180718b2005 xxu||||| |||| 00| 0 eng d
100 _aVedpuriswar, A.V.
245 _aDerisking: risk management
260 _c2005
300 _ap.66-73.
362 _aApr
650 _aManagement
773 _aIndian Management
909 _a64716
999 _c64716
_d64716